000 01413nam a2200193 i 4500
001 36477
003 ES-MaACL
005 20250806060938.0
007 t|
008 030218m18951909fr ||||1| fre d
100 1 _aBrouardel, Paul (
_d1837-1906)
_9126192
245 1 0 _aCours de médecine legale de la Faculté de Medicine de Paris /
_cP. Brouardel.
260 _aParis :
_b[s.n.,
_c1895-1909 (
_eCorbeil :
_fCrété)
300 _a13 v. ;
_c23 cm.
505 8 _aContiene: V. I. La mort et la mort subite -- V. II. Les asphyxies par les gas, les vapeurs et les anesthésiques -- V. III. La pendaison, la strangulation, la suffocation, la submersion -- V. IV. Les explosifs et les explosions au point de vue médico légal -- V. V. L'infanticide -- V. VI. La responsabilité médicale, secret médical, declarations de naissance, inhumations, expertises médico-légales -- V. VII. L'exercice de la medicine et le charlatanisme. V. VIII. Le marriage, mullité, divorce, grossesse, accouchement -- V. IX. L'avortement (falta) -- V. X. Les empoisonnements criminels et accidentels -- V. XI. Les intoxications -- V. XII. Opium, morphine et cocaine. Intoxicationaigue par l'opium. Mangeurs et fumeurs d'opium -- V. XIII. Les blessures et les accidents du travail -- V. XIV. Les attentats aux moeurs
650 0 7 _aMedicina legal
_2embne
_914928
852 _aES-MaACL
_jB-11080-92
999 _c36477
_d36477